| 000 | 00595nam a22001817a 4500 | ||
|---|---|---|---|
| 005 | 20251108175702.0 | ||
| 008 | 250721s2013 xx 000 0 ara d | ||
| 082 | 1 | 4 | _aط/387.2/بار |
| 100 | 1 | _aباركر، ستيف | |
| 245 | 1 | 0 | _aوسائل النقل في المستقبل / عبر الماء / |
| 264 | 1 |
_aالرياض : _bالملك عبد العزيز للعلوم والتقنيه، _c2013. |
|
| 300 | _a32ص. | ||
| 650 | 1 | 7 | _aالمواصلات |
| 650 | 1 | 7 | _aالنقل البحري |
| 653 | _aناشئون صغار (10-14) سنوات | ||
| 942 |
_2ddc _cBK |
||
| 999 |
_c139979 _d139979 |
||